[Event "CAN-ch U18"]
[Site "Toronto CAN"]
[Date "2012.12.26"]
[Round "1"]
[White "Preotu, Razvan"]
[Black "Szalay, Karoly"]
[Result "1/2-1/2"]
[WhiteElo "2109"]
[BlackElo "2159"]
[PlyCount "83"]
[GameId "2160767909410974"]
[EventDate "2012.12.26"]
[EventType "tourn"]
[EventRounds "9"]
[EventCountry "CAN"]
[SourceTitle "CBM 152 Extra"]
[Source "ChessBase"]
[SourceDate "2013.02.25"]
[SourceVersion "1"]
[SourceVersionDate "2013.02.25"]
[SourceQuality "1"]

1. e4 e5 2. Nf3 Nc6 3. Bb5 a6 4. Ba4 Nf6 5. Qe2 b5 6. Bb3 Be7 7. c3 O-O 8. O-O d6 9. Rd1 Na5 10. Bc2 c5 11. d4 Qc7 12. d5 Ne8 13. b3 f5 14. exf5 Bxf5 15. Bxf5 Rxf5 16. Nbd2 g6 17. Ne4 Ng7 18. Be3 Qd7 19. Nfd2 Nh5 20. b4 cxb4 21. cxb4 Nb7 22. Nb3 Nf4 23. Qd2 Rff8 24. f3 Rac8 25. Rac1 Rc4 26. Rxc4 bxc4 27. Nc1 Qb5 28. Bxf4 Rxf4 29. Ne2 Qb6+ 30. Kh1 Rf8 31. Qc3 Qb5 32. Rc1 Qxd5 33. Qxc4 Qxc4 34. Rxc4 d5 35. Rc7 dxe4 36. Rxe7 exf3 37. gxf3 Nd8 38. Rxe5 Nc6 39. Re3 Nxb4 40. Re4 Nd5 41. Kg2 Rf6 42. Kg3 1/2-1/2

[Event "CAN-ch U18"]
[Site "Toronto CAN"]
[Date "2012.12.26"]
[Round "1"]
[White "Sapozhnikov, Roman"]
[Black "Kraiouchkine, Nikita"]
[Result "1/2-1/2"]
[WhiteElo "2334"]
[BlackElo "2245"]
[PlyCount "106"]
[GameId "2160767909410975"]
[EventDate "2012.12.26"]
[EventType "tourn"]
[EventRounds "9"]
[EventCountry "CAN"]
[SourceTitle "CBM 152 Extra"]
[Source "ChessBase"]
[SourceDate "2013.02.25"]
[SourceVersion "1"]
[SourceVersionDate "2013.02.25"]
[SourceQuality "1"]

1. e4 d5 2. exd5 Qxd5 3. Nf3 Nf6 4. d4 Bg4 5. Be2 Nc6 6. O-O O-O-O 7. c4 Qd7 8. d5 Bxf3 9. Bxf3 Ne5 10. Nc3 e6 11. Bg5 h6 12. Bh4 Be7 13. Re1 Nxc4 14. Qe2 Nd6 15. dxe6 fxe6 16. Qxe6 Qxe6 17. Rxe6 Rde8 18. Rae1 Bd8 19. Rxe8 Rxe8 20. Rxe8 Ndxe8 21. Bg3 c6 22. Ne4 Bc7 23. Bxc7 Kxc7 24. Kf1 Nxe4 25. Bxe4 Nd6 26. Bg6 Nc4 27. b3 Ne5 28. Bf5 Kd6 29. Ke2 Kc5 30. f4 Nf7 31. Kd3 Nd6 32. Be6 Kb4 33. g4 c5 34. f5 b5 35. h4 c4+ 36. bxc4 bxc4+ 37. Kd4 Nb5+ 38. Ke5 Kc5 39. g5 hxg5 40. hxg5 Nd4 41. Bd7 Nf3+ 42. Kf4 Nd4 43. f6 gxf6 44. g6 c3 45. Ba4 Kd6 46. Ke4 Ne6 47. Bc2 Ng7 48. Kd4 f5 49. Kxc3 Ke5 50. Kc4 Kf6 51. Kb5 Kxg6 52. Ka6 Ne6 53. Kxa7 Nd4 1/2-1/2

[Event "CAN-ch U18"]
[Site "Toronto CAN"]
[Date "2012.12.26"]
[Round "1"]
[White "Song, Michael"]
[Black "Kleinman, Michael"]
[Result "0-1"]
[WhiteElo "2177"]
[BlackElo "2307"]
[PlyCount "88"]
[GameId "2160767909410976"]
[EventDate "2012.12.26"]
[EventType "tourn"]
[EventRounds "9"]
[EventCountry "CAN"]
[SourceTitle "CBM 152 Extra"]
[Source "ChessBase"]
[SourceDate "2013.02.25"]
[SourceVersion "1"]
[SourceVersionDate "2013.02.25"]
[SourceQuality "1"]

1. d4 Nf6 2. c4 g6 3. g3 c6 4. Nf3 d5 5. Bg2 Bg7 6. O-O O-O 7. Qb3 Qb6 8. Nc3 Rd8 9. Rd1 Be6 10. c5 Qxb3 11. axb3 Na6 12. Ra4 Bf5 13. Ne5 Nc7 14. Rb4 Bc8 15. Be3 Nd7 16. Nxd7 Bxd7 17. Rxb7 Na6 18. Bf4 e5 19. Bg5 f6 20. Nxd5 fxg5 21. Ne7+ Kf8 22. Nxc6 Bxc6 23. Bxc6 Rac8 24. Rxg7 Kxg7 25. Bb7 Rxc5 26. Bxa6 Rxd4 27. Rxd4 exd4 28. b4 Rc1+ 29. Kg2 Rb1 30. Bd3 Rxb2 31. b5 Kf6 32. Kf3 Ke5 33. Kg4 h6 34. h3 Rb3 35. f4+ gxf4 36. gxf4+ Kf6 37. Kf3 Rc3 38. Ke4 Rc1 39. Kd5 h5 40. Be4 Rf1 41. Kc6 Rxf4 42. Bd5 Rf1 43. Kb7 Ra1 44. Kb8 Rb1 0-1

[Event "CAN-ch U18"]
[Site "Toronto CAN"]
[Date "2012.12.27"]
[Round "2"]
[White "Kleinman, Michael"]
[Black "Preotu, Razvan"]
[Result "1/2-1/2"]
[WhiteElo "2307"]
[BlackElo "2109"]
[PlyCount "91"]
[GameId "2160767909410977"]
[EventDate "2012.12.26"]
[EventType "tourn"]
[EventRounds "9"]
[EventCountry "CAN"]
[SourceTitle "CBM 152 Extra"]
[Source "ChessBase"]
[SourceDate "2013.02.25"]
[SourceVersion "1"]
[SourceVersionDate "2013.02.25"]
[SourceQuality "1"]

1. e4 c5 2. Nf3 Nc6 3. Bb5 g6 4. Bxc6 dxc6 5. h3 Bg7 6. d3 Nf6 7. Nc3 b6 8. Be3 Nd7 9. Qd2 e5 10. a3 a5 11. O-O O-O 12. Bh6 Re8 13. Ne2 Nf8 14. Bxg7 Kxg7 15. Qc3 Qd6 16. Nd2 Be6 17. f4 f6 18. Rf2 Nd7 19. Raf1 Rad8 20. Nc4 Bxc4 21. Qxc4 exf4 22. Rxf4 b5 23. Qc3 b4 24. Qb3 Qe6 25. Qxe6 Rxe6 26. b3 Nb6 27. Ra1 Ra8 28. a4 Rd8 29. Rf3 Re5 30. Ng3 Rf8 31. Kf2 Rf7 32. Nf1 f5 33. exf5 gxf5 34. Re3 Rxe3 35. Nxe3 Kf6 36. Rf1 Ke5 37. Ke2 f4 38. g3 h5 39. gxf4+ Rxf4 40. Rg1 Kd4 41. Rg6 Nd5 42. Nc4 Kc3 43. Rxc6 Kxc2 44. Rxc5 Nc3+ 45. Ke3 Rh4 46. Nxa5 1/2-1/2

[Event "CAN-ch U18"]
[Site "Toronto CAN"]
[Date "2012.12.27"]
[Round "2"]
[White "Kraiouchkine, Nikita"]
[Black "Jiang, Louie"]
[Result "0-1"]
[WhiteElo "2245"]
[BlackElo "2328"]
[PlyCount "136"]
[GameId "2160767909410978"]
[EventDate "2012.12.26"]
[EventType "tourn"]
[EventRounds "9"]
[EventCountry "CAN"]
[SourceTitle "CBM 152 Extra"]
[Source "ChessBase"]
[SourceDate "2013.02.25"]
[SourceVersion "1"]
[SourceVersionDate "2013.02.25"]
[SourceQuality "1"]

1. Nc3 c5 2. Nf3 e6 3. g3 d5 4. d4 Nf6 5. Bg2 b6 6. O-O Bb7 7. b3 Be7 8. Bb2 O-O 9. e3 Nbd7 10. a4 a6 11. Ne2 Qc7 12. Ne5 Nxe5 13. dxe5 Ng4 14. Nf4 Nxe5 15. Qh5 Bf6 16. Nd3 Nd7 17. Bxf6 Nxf6 18. Qe5 Rac8 19. c4 Rfd8 20. Rfd1 Ne8 21. Qxc7 Rxc7 22. cxd5 exd5 23. Nf4 Rcd7 24. Rd2 a5 25. Rad1 Nf6 26. Ne2 Ba6 27. Nc3 d4 28. exd4 Rxd4 29. Rxd4 Rxd4 30. Re1 Kf8 31. Re3 Bc8 32. Bf3 Ng4 33. Bxg4 Bxg4 34. Nb5 Rd7 35. Kg2 Bf5 36. Na3 Rd3 37. Kf3 Rxe3+ 38. Kxe3 Ke7 39. Kd2 Kd6 40. Nc4+ Kc7 41. Kc3 f6 42. Na3 Bh3 43. Nc4 Kc6 44. Na3 h5 45. Nc4 g6 46. Nd2 Bg2 47. Nc4 Bd5 48. Na3 Be6 49. Nb5 Bg4 50. Na3 Be2 51. Nc4 b5 52. axb5+ Kxb5 53. Nd6+ Kc6 54. Ne4 f5 55. Ng5 Kd5 56. f4 Bb5 57. Nf7 Be8 58. Ne5 g5 59. Nc4 gxf4 60. gxf4 Bb5 61. Nxa5 Ba6 62. Kd2 Ke4 63. Nc6 Kxf4 64. Ne7 Ke4 65. Ng8 h4 66. Ke1 Bb7 67. Nf6+ Kd4 68. Ng8 Kc3 0-1

[Event "CAN-ch U18"]
[Site "Toronto CAN"]
[Date "2012.12.27"]
[Round "2"]
[White "Szalay, Karoly"]
[Black "Sapozhnikov, Roman"]
[Result "1-0"]
[WhiteElo "2159"]
[BlackElo "2334"]
[PlyCount "71"]
[GameId "2160767909410979"]
[EventDate "2012.12.26"]
[EventType "tourn"]
[EventRounds "9"]
[EventCountry "CAN"]
[SourceTitle "CBM 152 Extra"]
[Source "ChessBase"]
[SourceDate "2013.02.25"]
[SourceVersion "1"]
[SourceVersionDate "2013.02.25"]
[SourceQuality "1"]

1. e4 c5 2. Nf3 d6 3. d4 cxd4 4. Nxd4 Nf6 5. Nc3 a6 6. Bg5 Nbd7 7. f3 e6 8. Qd2 Be7 9. h4 Qc7 10. O-O-O h6 11. Be3 Ne5 12. g4 Nfd7 13. g5 Nb6 14. Qg2 Bd7 15. Be2 d5 16. exd5 Nbc4 17. Bxc4 Nxc4 18. Rd3 Ne5 19. Rdd1 Ba3 20. Bd2 Nc4 21. bxa3 Qc5 22. Ncb5 Nxd2 23. Qxd2 axb5 24. Qb4 Qxb4 25. axb4 Rxa2 26. dxe6 fxe6 27. Kb1 Ra3 28. Nb3 Bc6 29. Rhe1 hxg5 30. hxg5 Kf7 31. Rd6 Bd5 32. Kb2 Ra4 33. f4 Rxb4 34. f5 Bxb3 35. cxb3 exf5 36. g6+ 1-0

[Event "CAN-ch U18"]
[Site "Toronto CAN"]
[Date "2012.12.27"]
[Round "2"]
[White "Wang, Richard"]
[Black "Chiku-Ratte, Olivier-Kenta"]
[Result "1-0"]
[WhiteElo "2370"]
[BlackElo "2064"]
[PlyCount "111"]
[GameId "2160767909410980"]
[EventDate "2012.12.26"]
[EventType "tourn"]
[EventRounds "9"]
[EventCountry "CAN"]
[SourceTitle "CBM 152 Extra"]
[Source "ChessBase"]
[SourceDate "2013.02.25"]
[SourceVersion "1"]
[SourceVersionDate "2013.02.25"]
[SourceQuality "1"]

1. d4 Nf6 2. Nf3 c5 3. d5 e6 4. c4 exd5 5. cxd5 d6 6. Nc3 g6 7. Bf4 a6 8. a4 Bg7 9. h3 O-O 10. e3 Re8 11. Be2 Ne4 12. Qb3 Qa5 13. Rc1 Nd7 14. O-O Nxc3 15. bxc3 Ne5 16. Nd2 Rb8 17. Bxe5 Bxe5 18. Nc4 Qc7 19. a5 Bd7 20. Nb6 Bf5 21. Qa4 Bg7 22. Rfd1 Re4 23. Qa3 Rh4 24. Nc4 Qe7 25. Nd2 Bd7 26. c4 Qf6 27. Rb1 Qc3 28. Rb3 Qc2 29. Qc1 Qa2 30. Ra3 Qb2 31. Qxb2 Bxb2 32. Rb3 Bf6 33. Rdb1 Bc8 34. Rb6 Bc3 35. Nf3 Re4 36. Rxd6 Bxa5 37. Rxa6 Bb4 38. Rb6 Ba5 39. R6b3 Bb4 40. Ne1 Re8 41. Ra1 Bf5 42. g4 Bxe1 43. Rxe1 Bc2 44. Rb2 Ba4 45. Reb1 Re7 46. Ra1 Be8 47. Rb6 Rc7 48. Ra7 Bd7 49. Kg2 Kg7 50. Bf3 Bc8 51. g5 Kf8 52. e4 Ke8 53. d6 Rd7 54. e5 Rd8 55. Bd5 Rd7 56. Ra5 1-0

[Event "CAN-ch U18"]
[Site "Toronto CAN"]
[Date "2012.12.26"]
[Round "3"]
[White "Chiku-Ratte, Olivier-Kenta"]
[Black "Kraiouchkine, Nikita"]
[Result "1/2-1/2"]
[WhiteElo "2064"]
[BlackElo "2245"]
[PlyCount "63"]
[GameId "2160767909410981"]
[EventDate "2012.12.26"]
[EventType "tourn"]
[EventRounds "9"]
[EventCountry "CAN"]
[SourceTitle "CBM 152 Extra"]
[Source "ChessBase"]
[SourceDate "2013.02.25"]
[SourceVersion "1"]
[SourceVersionDate "2013.02.25"]
[SourceQuality "1"]

1. d4 Nf6 2. c4 e6 3. Nc3 Bb4 4. e3 d5 5. Bd3 Nc6 6. Nf3 dxc4 7. Bxc4 O-O 8. a3 Bd6 9. O-O e5 10. d5 e4 11. Nxe4 Nxe4 12. dxc6 bxc6 13. Bd3 Nc5 14. Bb1 Ba6 15. Re1 Nd3 16. Bxd3 Bxd3 17. Bd2 Be4 18. Bc3 f6 19. Nd4 Qe8 20. Qg4 h5 21. Qe6+ Qxe6 22. Nxe6 Rfe8 23. Nd4 c5 24. Nb5 a6 25. Nxd6 cxd6 26. Red1 Rad8 27. Ba5 Rd7 28. Rac1 Rc8 29. Kf1 Kf7 30. b4 c4 31. Rd4 d5 32. Bb6 1/2-1/2

[Event "CAN-ch U18"]
[Site "Toronto CAN"]
[Date "2012.12.26"]
[Round "3"]
[White "Jiang, Louie"]
[Black "Szalay, Karoly"]
[Result "1-0"]
[WhiteElo "2328"]
[BlackElo "2159"]
[PlyCount "109"]
[GameId "2160767909410982"]
[EventDate "2012.12.26"]
[EventType "tourn"]
[EventRounds "9"]
[EventCountry "CAN"]
[SourceTitle "CBM 152 Extra"]
[Source "ChessBase"]
[SourceDate "2013.02.25"]
[SourceVersion "1"]
[SourceVersionDate "2013.02.25"]
[SourceQuality "1"]

1. e4 e5 2. Nf3 Nc6 3. Bc4 Bc5 4. d3 d6 5. c3 a6 6. Bb3 h6 7. Nbd2 Qf6 8. Nf1 Nge7 9. h4 Be6 10. Bg5 Bxb3 11. Qxb3 Qe6 12. Qxe6 fxe6 13. Be3 Bxe3 14. Nxe3 O-O 15. h5 Rf4 16. Nd2 Raf8 17. f3 g5 18. a4 Kg7 19. Ke2 Rd8 20. Ng4 Ng8 21. a5 Rf7 22. Nc4 Nf6 23. Nxf6 Kxf6 24. Ne3 Kg7 25. Ng4 Ne7 26. b4 Ng8 27. Ne3 Nf6 28. g4 c6 29. Rab1 Ne8 30. c4 Nc7 31. Nd1 Rfd7 32. Nc3 d5 33. Rhd1 Kf6 34. Na4 Ne8 35. Nb6 Nc7 36. Nxd7+ Rxd7 37. Rd2 Rd8 38. Kd1 d4 39. Rdb2 Rc8 40. Kd2 Ke7 41. b5 axb5 42. cxb5 c5 43. Kc2 Kd6 44. b6 Na6 45. Kb3 Rf8 46. Rf1 Rf4 47. Ka4 Kc6 48. Rc2 Rf8 49. Rc4 Rc8 50. Rfc1 Kd6 51. Kb5 Rc6 52. f4 gxf4 53. Rg1 Rc8 54. g5 hxg5 55. Rxg5 1-0

[Event "CAN-ch U18"]
[Site "Toronto CAN"]
[Date "2012.12.26"]
[Round "3"]
[White "Sapozhnikov, Roman"]
[Black "Kleinman, Michael"]
[Result "0-1"]
[WhiteElo "2334"]
[BlackElo "2307"]
[PlyCount "48"]
[GameId "2160767909410983"]
[EventDate "2012.12.26"]
[EventType "tourn"]
[EventRounds "9"]
[EventCountry "CAN"]
[SourceTitle "CBM 152 Extra"]
[Source "ChessBase"]
[SourceDate "2013.02.25"]
[SourceVersion "1"]
[SourceVersionDate "2013.02.25"]
[SourceQuality "1"]

1. e4 c5 2. Nf3 Nc6 3. d4 cxd4 4. Nxd4 g6 5. Nc3 Bg7 6. Be3 Nf6 7. Bc4 O-O 8. Bb3 d6 9. h3 Na5 10. O-O b6 11. Qd3 Bb7 12. f4 Nxb3 13. axb3 a6 14. f5 b5 15. b4 Rc8 16. Qd2 Rc4 17. b3 Rc8 18. Qd3 d5 19. e5 Ne4 20. Nce2 Bxe5 21. Bh6 Re8 22. Qf3 Bf6 23. g4 g5 24. Rad1 Qb6 0-1

[Event "CAN-ch U18"]
[Site "Toronto CAN"]
[Date "2012.12.26"]
[Round "3"]
[White "Song, Michael"]
[Black "Wang, Richard"]
[Result "0-1"]
[WhiteElo "2177"]
[BlackElo "2370"]
[PlyCount "114"]
[GameId "2160767909410984"]
[EventDate "2012.12.26"]
[EventType "tourn"]
[EventRounds "9"]
[EventCountry "CAN"]
[SourceTitle "CBM 152 Extra"]
[Source "ChessBase"]
[SourceDate "2013.02.25"]
[SourceVersion "1"]
[SourceVersionDate "2013.02.25"]
[SourceQuality "1"]

1. d4 d5 2. c4 c6 3. Nf3 Nf6 4. Qc2 dxc4 5. Qxc4 Bg4 6. Nc3 Nbd7 7. e4 Bxf3 8. gxf3 e5 9. dxe5 Nxe5 10. Qe2 Bc5 11. Be3 Qe7 12. O-O-O Ng6 13. e5 Bxe3+ 14. Qxe3 Nh5 15. Rd4 O-O 16. f4 Rfe8 17. Bc4 b5 18. Bb3 c5 19. Nd5 Qb7 20. Qf3 Rab8 21. Re4 c4 22. Bc2 Qxd5 23. Rd1 Qc5 24. Qxh5 Qxf2 25. Red4 Rbc8 26. e6 fxe6 27. Qxb5 Nxf4 28. Rd7 Nd5 29. Qb7 Qf4+ 30. Kb1 Rc7 31. Rxc7 Qxc7 32. Qxc7 Nxc7 33. Rd7 Nd5 34. Rxa7 Rf8 35. a3 Rf1+ 36. Ka2 Rf2 37. Kb1 Rxh2 38. Ra8+ Kf7 39. Rc8 Rh4 40. Rb8 Rh1+ 41. Ka2 Rh2 42. Kb1 g5 43. Rb7+ Kf6 44. a4 g4 45. a5 g3 46. Be4 g2 47. Bxg2 Rxg2 48. a6 Rg8 49. a7 Ra8 50. Rxh7 Ne7 51. Rh4 Rxa7 52. Rxc4 e5 53. Kc2 Rd7 54. b4 Rd4 55. Kb3 Rxc4 56. Kxc4 Nc8 57. Kd5 Kf5 0-1

[Event "CAN-ch U18"]
[Site "Toronto CAN"]
[Date "2012.12.26"]
[Round "4"]
[White "Kleinman, Michael"]
[Black "Jiang, Louie"]
[Result "1/2-1/2"]
[WhiteElo "2307"]
[BlackElo "2328"]
[PlyCount "44"]
[GameId "2160767909410985"]
[EventDate "2012.12.26"]
[EventType "tourn"]
[EventRounds "9"]
[EventCountry "CAN"]
[SourceTitle "CBM 152 Extra"]
[Source "ChessBase"]
[SourceDate "2013.02.25"]
[SourceVersion "1"]
[SourceVersionDate "2013.02.25"]
[SourceQuality "1"]

1. e4 c5 2. Nf3 Nc6 3. Bb5 g6 4. Bxc6 dxc6 5. h3 Bg7 6. d3 Nf6 7. Nc3 h6 8. Bf4 Nd7 9. e5 g5 10. Bg3 Nf8 11. h4 Bg4 12. hxg5 hxg5 13. Rxh8 Bxh8 14. Qd2 Bxf3 15. gxf3 Ne6 16. Ne2 Qd5 17. Qe3 g4 18. Qe4 gxf3 19. Qxd5 cxd5 20. Ng1 f5 21. exf6 Bxf6 22. c3 Ng5 1/2-1/2

[Event "CAN-ch U18"]
[Site "Toronto CAN"]
[Date "2012.12.26"]
[Round "4"]
[White "Song, Michael"]
[Black "Preotu, Razvan"]
[Result "1/2-1/2"]
[WhiteElo "2177"]
[BlackElo "2109"]
[PlyCount "108"]
[GameId "2160767909410986"]
[EventDate "2012.12.26"]
[EventType "tourn"]
[EventRounds "9"]
[EventCountry "CAN"]
[SourceTitle "CBM 152 Extra"]
[Source "ChessBase"]
[SourceDate "2013.02.25"]
[SourceVersion "1"]
[SourceVersionDate "2013.02.25"]
[SourceQuality "1"]

1. d4 Nf6 2. c4 g6 3. Nc3 Bg7 4. e4 d6 5. Nf3 O-O 6. Be2 e5 7. O-O Nc6 8. d5 Ne7 9. b4 Nh5 10. g3 f5 11. Ng5 Nf6 12. f3 Nh5 13. c5 Bf6 14. Ne6 Bxe6 15. dxe6 f4 16. Kg2 Nc6 17. cxd6 cxd6 18. g4 Ng7 19. Bc4 Kh8 20. Qd2 Nd4 21. Rd1 Rc8 22. Bb3 Ngxe6 23. Bxe6 Nxe6 24. Bb2 Nd4 25. Rac1 Bg7 26. Nd5 Qh4 27. Qf2 Qxf2+ 28. Kxf2 Ne6 29. Nc3 Rfd8 30. Nb5 Kg8 31. Rxd6 Rxc1 32. Rxd8+ Nxd8 33. Bxc1 Nc6 34. a3 Bf8 35. Bb2 Kf7 36. Nc7 Bd6 37. Nd5 Ke6 38. Ke2 a6 39. Kd3 h5 40. h3 Nd8 41. Ke2 Nf7 42. Bc3 b5 43. Be1 hxg4 44. hxg4 Nd8 45. Bf2 Nc6 46. Bb6 Ne7 47. Nc3 Nc6 48. Nb1 Bb8 49. Nd2 Ba7 50. Bxa7 Nxa7 51. Nb3 Nc6 52. Nc5+ Kd6 53. Nxa6 Nd4+ 54. Kf2 Nc2 1/2-1/2

[Event "CAN-ch U18"]
[Site "Toronto CAN"]
[Date "2012.12.26"]
[Round "4"]
[White "Szalay, Karoly"]
[Black "Chiku-Ratte, Olivier-Kenta"]
[Result "1/2-1/2"]
[WhiteElo "2159"]
[BlackElo "2064"]
[PlyCount "139"]
[GameId "2160767909410987"]
[EventDate "2012.12.26"]
[EventType "tourn"]
[EventRounds "9"]
[EventCountry "CAN"]
[SourceTitle "CBM 152 Extra"]
[Source "ChessBase"]
[SourceDate "2013.02.25"]
[SourceVersion "1"]
[SourceVersionDate "2013.02.25"]
[SourceQuality "1"]

1. e4 c5 2. Nf3 d6 3. d4 cxd4 4. Nxd4 Nf6 5. Nc3 g6 6. Be3 Bg7 7. f3 Nc6 8. Qd2 O-O 9. g4 Be6 10. O-O-O Nxd4 11. Bxd4 Qa5 12. a3 Rfc8 13. h4 Rab8 14. h5 b5 15. hxg6 hxg6 16. g5 Nh5 17. Bxg7 Kxg7 18. Bh3 Rc5 19. Qd4+ Kg8 20. Bxe6 fxe6 21. Na2 Qa4 22. Qd3 Qc4 23. Nb4 Qxd3 24. Nxd3 Rxg5 25. f4 Rg3 26. f5 e5 27. Nb4 Nf4 28. Nc6 Rb7 29. f6 exf6 30. Rxd6 Nh5 31. Re1 Kg7 32. Nb4 Rf7 33. Nd3 g5 34. Kd2 Nf4 35. Rf1 Nxd3 36. cxd3 Rg2+ 37. Kc3 g4 38. d4 exd4+ 39. Rxd4 Rc7+ 40. Kd3 Rxb2 41. e5 Rb3+ 42. Kd2 Rg3 43. e6 Rg2+ 44. Kd1 Rc6 45. Re1 Rc8 46. Rd7+ Kg6 47. Rxa7 g3 48. Re3 Rd8+ 49. Ke1 Kf5 50. Rd7 Re8 51. Kf1 Rf2+ 52. Kg1 Rxe6 53. Rxg3 Rb2 54. Rg2 Rb3 55. Rf2+ Ke4 56. Re2+ Re3 57. Rb2 Re5 58. Rb7 Rg5+ 59. Kh2 Rxa3 60. R7xb5 Rxb5 61. Rxb5 f5 62. Kg2 Ra2+ 63. Kf1 f4 64. Rb3 Kf5 65. Rc3 Kg4 66. Rb3 Rh2 67. Kg1 Re2 68. Kf1 Ra2 69. Rc3 Rh2 70. Kg1 1/2-1/2

[Event "CAN-ch U18"]
[Site "Toronto CAN"]
[Date "2012.12.26"]
[Round "4"]
[White "Wang, Richard"]
[Black "Kraiouchkine, Nikita"]
[Result "1-0"]
[WhiteElo "2370"]
[BlackElo "2245"]
[PlyCount "87"]
[GameId "2160767909410988"]
[EventDate "2012.12.26"]
[EventType "tourn"]
[EventRounds "9"]
[EventCountry "CAN"]
[SourceTitle "CBM 152 Extra"]
[Source "ChessBase"]
[SourceDate "2013.02.25"]
[SourceVersion "1"]
[SourceVersionDate "2013.02.25"]
[SourceQuality "1"]

1. d4 d5 2. c4 Nc6 3. Nc3 dxc4 4. Nf3 Nf6 5. d5 Na5 6. Qa4+ c6 7. b4 cxb3 8. axb3 Nxd5 9. Nxd5 Qxd5 10. Qxa5 Be6 11. Qxd5 Bxd5 12. Nd2 f6 13. e4 Bf7 14. f4 e6 15. Bd3 Bc5 16. Ke2 Bd4 17. Rb1 e5 18. Nf3 Bh5 19. h3 exf4 20. Bxf4 Bb6 21. Be3 O-O-O 22. Bxb6 axb6 23. Rhd1 Rhe8 24. Bc2 Kc7 25. Ke3 Rxd1 26. Rxd1 Ra8 27. Rd2 b5 28. Nd4 Bf7 29. g4 Ra3 30. g5 fxg5 31. Rf2 Bg6 32. Ne6+ Kd6 33. Nxg5 c5 34. Rd2+ Ke7 35. Rd5 b6 36. Re5+ Kd7 37. Bd1 b4 38. Rd5+ Kc6 39. Nf3 Ra1 40. Ne5+ Kb7 41. Nxg6 hxg6 42. e5 Kc7 43. e6 Ra8 44. Rd7+ 1-0

[Event "CAN-ch U18"]
[Site "Toronto CAN"]
[Date "2012.12.26"]
[Round "5"]
[White "Chiku-Ratte, Olivier-Kenta"]
[Black "Kleinman, Michael"]
[Result "0-1"]
[WhiteElo "2064"]
[BlackElo "2307"]
[PlyCount "78"]
[GameId "2160767909410989"]
[EventDate "2012.12.26"]
[EventType "tourn"]
[EventRounds "9"]
[EventCountry "CAN"]
[SourceTitle "CBM 152 Extra"]
[Source "ChessBase"]
[SourceDate "2013.02.25"]
[SourceVersion "1"]
[SourceVersionDate "2013.02.25"]
[SourceQuality "1"]

1. d4 Nf6 2. c4 g6 3. Nc3 d5 4. cxd5 Nxd5 5. e4 Nxc3 6. bxc3 Bg7 7. Nf3 c5 8. Rb1 O-O 9. Be2 b6 10. O-O Qc7 11. Bg5 Nc6 12. d5 Ne5 13. c4 f5 14. exf5 Bxf5 15. Rc1 Nf7 16. Be3 Bb2 17. Rc2 Bxc2 18. Qxc2 Bf6 19. Qe4 Qd7 20. Nd2 Qf5 21. Bg4 Qxe4 22. Nxe4 Nd6 23. Nxd6 exd6 24. Be6+ Kg7 25. a4 Be5 26. g3 Rfd8 27. f4 Bf6 28. Rb1 Rab8 29. Kf2 a6 30. g4 h6 31. g5 hxg5 32. fxg5 Be5 33. h3 Rf8+ 34. Ke2 Rb7 35. Bg4 Rfb8 36. Kd2 b5 37. axb5 axb5 38. cxb5 Rxb5 39. Rxb5 Rxb5 0-1

[Event "CAN-ch U18"]
[Site "Toronto CAN"]
[Date "2012.12.26"]
[Round "5"]
[White "Kraiouchkine, Nikita"]
[Black "Szalay, Karoly"]
[Result "1/2-1/2"]
[WhiteElo "2245"]
[BlackElo "2159"]
[PlyCount "131"]
[GameId "2160767909410990"]
[EventDate "2012.12.26"]
[EventType "tourn"]
[EventRounds "9"]
[EventCountry "CAN"]
[SourceTitle "CBM 152 Extra"]
[Source "ChessBase"]
[SourceDate "2013.02.25"]
[SourceVersion "1"]
[SourceVersionDate "2013.02.25"]
[SourceQuality "1"]

1. e4 e5 2. Nf3 Nc6 3. d4 exd4 4. Bc4 Bc5 5. Ng5 Nh6 6. Nxf7 Nxf7 7. Bxf7+ Kxf7 8. Qh5+ g6 9. Qxc5 d6 10. Qb5 Re8 11. O-O Kg7 12. Nd2 d5 13. exd5 Re5 14. Qb3 Qxd5 15. Nc4 Na5 16. Nxa5 Qxa5 17. Bf4 Re4 18. Qg3 Bf5 19. Bxc7 Qb5 20. Qd6 Qc4 21. Ba5 b6 22. Bd2 Rae8 23. Bg5 h6 24. b3 Qf7 25. Bc1 Qf8 26. Qg3 Rc8 27. f3 Re2 28. Qh4 Kh7 29. Qxd4 Rcxc2 30. Bf4 g5 31. Bg3 Qc5 32. Qxc5 Rxg2+ 33. Kh1 bxc5 34. a4 h5 35. Rac1 Bh3 36. Rfe1 h4 37. Bb8 a6 38. Rcd1 Rge2 39. Rxe2 Rxe2 40. Bd6 Rc2 41. Kg1 Rg2+ 42. Kh1 Rb2 43. Bxc5 Bg2+ 44. Kg1 Bxf3 45. Rd3 g4 46. Bd6 Kg6 47. b4 Kf5 48. Re3 Rd2 49. Bc7 Rd7 50. Bb8 Rd2 51. Bc7 Ra2 52. b5 Rxa4 53. b6 Rb4 54. Re5+ Kf6 55. Re8 a5 56. Rh8 a4 57. Rf8+ Kg7 58. Rf5 a3 59. Ra5 Rb3 60. Bd6 Rb1+ 61. Kf2 Rxb6 62. Bxa3 Re6 63. Bb2+ Kg6 64. Be5 Bc6 65. Rc5 h3 66. Kg3 1/2-1/2

[Event "CAN-ch U18"]
[Site "Toronto CAN"]
[Date "2012.12.26"]
[Round "5"]
[White "Preotu, Razvan"]
[Black "Wang, Richard"]
[Result "1-0"]
[WhiteElo "2109"]
[BlackElo "2370"]
[PlyCount "131"]
[GameId "2160767909410991"]
[EventDate "2012.12.26"]
[EventType "tourn"]
[EventRounds "9"]
[EventCountry "CAN"]
[SourceTitle "CBM 152 Extra"]
[Source "ChessBase"]
[SourceDate "2013.02.25"]
[SourceVersion "1"]
[SourceVersionDate "2013.02.25"]
[SourceQuality "1"]

1. e4 c6 2. d4 d5 3. Nc3 dxe4 4. Nxe4 Bf5 5. Ng3 Bg6 6. h4 h6 7. h5 Bh7 8. Nf3 Nd7 9. Bd3 Bxd3 10. Qxd3 e6 11. Bd2 Ngf6 12. O-O-O Be7 13. Ne4 Qb6 14. Nxf6+ Bxf6 15. Bc3 a5 16. Nd2 Qc7 17. Ne4 b5 18. g4 Nb6 19. Nxf6+ gxf6 20. Bd2 Qd6 21. f4 Qd5 22. Kb1 Kd7 23. Rhe1 Nc4 24. Bc1 Nd6 25. Rg1 b4 26. f5 exf5 27. gxf5 a4 28. Bf4 Nxf5 29. Be5 Nd6 30. Bxd6 Qxd6 31. d5 Kc7 32. Rg7 Rhf8 33. Qg6 Rae8 34. Rxf7+ Rxf7 35. Qxf7+ Re7 36. Qf8 cxd5 37. Qxh6 Qe5 38. Qd2 Qxh5 39. Qd4 Re5 40. Qa7+ Kd6 41. Qb6+ Kd7 42. Rg1 Qg5 43. Qb5+ Kd8 44. Qa5+ Kc8 45. Qc5+ Kd7 46. a3 b3 47. cxb3 axb3 48. Rc1 Qf5+ 49. Ka1 Ke8 50. Qb5+ Kf7 51. Qb7+ Re7 52. Qxb3 Qe4 53. Qh3 d4 54. Qh5+ Ke6 55. Qh8 d3 56. Qg8+ Ke5 57. Qd8 Re6 58. Rc5+ Kf4 59. Rd5 Qe1+ 60. Ka2 Qc1 61. Rd4+ Kf5 62. Qd5+ Re5 63. Qf3+ Ke6 64. Qg4+ Kf7 65. Rd7+ Re7 66. Qh5+ 1-0

[Event "CAN-ch U18"]
[Site "Toronto CAN"]
[Date "2012.12.26"]
[Round "5"]
[White "Sapozhnikov, Roman"]
[Black "Song, Michael"]
[Result "1/2-1/2"]
[WhiteElo "2334"]
[BlackElo "2177"]
[PlyCount "63"]
[GameId "2160767909410992"]
[EventDate "2012.12.26"]
[EventType "tourn"]
[EventRounds "9"]
[EventCountry "CAN"]
[SourceTitle "CBM 152 Extra"]
[Source "ChessBase"]
[SourceDate "2013.02.25"]
[SourceVersion "1"]
[SourceVersionDate "2013.02.25"]
[SourceQuality "1"]

1. e4 c5 2. Nf3 Nc6 3. d4 cxd4 4. Nxd4 g6 5. Nc3 Bg7 6. Nb3 Bxc3+ 7. bxc3 Nf6 8. Bd3 d5 9. exd5 Qxd5 10. O-O O-O 11. c4 Qd6 12. c5 Qd5 13. Bb2 Bg4 14. f3 Bf5 15. Qe2 Bxd3 16. cxd3 a5 17. Qe3 a4 18. Nd2 Rfd8 19. Ne4 Nxe4 20. dxe4 Qd3 21. Qxd3 Rxd3 22. Rab1 Rd2 23. Rf2 Rad8 24. Bc3 Rd1+ 25. Rf1 Rxb1 26. Rxb1 Rd3 27. Be1 Rd7 28. Kf1 Kf8 29. Rc1 Ke8 30. Bc3 Kd8 31. Ke2 Kc7 32. Rb1 1/2-1/2